[Event "Catalunya-chT Honor"]
[Site "Catalunya"]
[Date "2013.02.02"]
[Round "3.10"]
[White "Ruiz Manchon, Francesco Xavier"]
[Black "Oliva Valero, Oscar"]
[Result "1-0"]
[WhiteElo "2154"]
[BlackElo "2217"]
[PlyCount "105"]
[EventDate "2013.01.19"]
[EventType "team-tourn"]
[EventRounds "11"]
[EventCountry "ESP"]
[SourceTitle "CBM 152 Extra"]
[Source "ChessBase"]
[SourceDate "2013.02.25"]
[SourceVersion "1"]
[SourceVersionDate "2013.02.25"]
[SourceQuality "1"]
[WhiteTeam "Figueres"]
[BlackTeam "Andorra"]
[WhiteTeamCountry "ESP"]
[BlackTeamCountry "AND"]

1. e4 e6 2. d3 d5 3. Nd2 Nf6 4. Ngf3 c5 5. g3 g6 6. Bg2 Bg7 7. 0-0 0-0 8. Re1 Nc6 9. exd5 exd5 10. c3 Bf5 11. Nb3 b6 12. Bg5 Qd7 13. Bxf6 Bxf6 14. d4 c4 15. Nbd2 Rfe8 16. Nf1 b5 17. Ne3 Be4 18. Nd2 Bxg2 19. Kxg2 b4 20. Qf3 Rxe3 21. fxe3 Bg5 22. h4 Bh6 23. g4 f5 24. gxf5 Rf8 25. Rf1 Ne7 26. Qh3 Nxf5 27. Rae1 Qe7 28. Kh1 Rb8 29. Rxf5 gxf5 30. Qg3+ Kf7 31. Rf1 Rb6 32. Rxf5+ Rf6 33. Qf3 Rxf5 34. Qxf5+ Kg7 35. Qg4+ Kf7 36. Nf1 bxc3 37. bxc3 Qa3 38. Qf5+ Kg7 39. Qe5+ Kf8 40. Qf6+ Ke8 41. Qxh6 Qxc3 42. Qe6+ Kd8 43. Qxd5+ Kc7 44. Qf7+ Kb6 45. Qxh7 Qe1 46. Kg1 Qc1 47. Qg6+ Ka5 48. Qf5+ Ka4 49. Qc5 c3 50. Qxa7+ Kb4 51. Qc5+ Ka4 52. Qc4+ Ka5 53. d5 1-0

[Event "Catalunya-chT Honor"]
[Site "Catalunya"]
[Date "2013.01.19"]
[Round "1.10"]
[White "Ruiz Manchon, Francesco Xavier"]
[Black "Guasch Sariol, Jaume"]
[Result "1/2-1/2"]
[WhiteElo "2154"]
[BlackElo "2071"]
[PlyCount "47"]
[EventDate "2013.01.19"]
[EventType "team-tourn"]
[EventRounds "11"]
[EventCountry "ESP"]
[SourceTitle "CBM 152 Extra"]
[Source "ChessBase"]
[SourceDate "2013.02.25"]
[SourceVersion "1"]
[SourceVersionDate "2013.02.25"]
[SourceQuality "1"]
[WhiteTeam "Barcelona Escola Escacs"]
[BlackTeam "Cerdanyola Valles"]
[WhiteTeamCountry "ESP"]
[BlackTeamCountry "ESP"]

1. e4 e6 2. d3 d5 3. Nd2 c5 4. Ngf3 Nc6 5. g3 Bd6 6. Bg2 Nge7 7. 0-0 0-0 8. Re1 Bc7 9. exd5 exd5 10. d4 c4 11. c3 h6 12. b3 cxb3 13. axb3 Bf5 14. Nf1 Qd7 15. Ba3 Rfe8 16. Ne5 Nxe5 17. dxe5 Nc6 18. Qxd5 Qxd5 19. Bxd5 Bxe5 20. Rac1 Rad8 21. Ne3 Be6 22. Bxe6 Rxe6 23. Nc4 Rd3 24. Bb2 1/2-1/2

[Event "Barcelona ASPE op 1st"]
[Site "Barcelona"]
[Date "2011.04.26"]
[Round "4"]
[White "Ruiz Manchon, Francesco Xavier"]
[Black "Serrano Sanchez, Hilario"]
[Result "1-0"]
[WhiteElo "2076"]
[BlackElo "1914"]
[PlyCount "43"]
[EventDate "2011.04.05"]
[EventType "swiss"]
[EventRounds "9"]
[EventCountry "ESP"]
[SourceTitle "CBM 142 Extra"]
[Source "ChessBase"]
[SourceDate "2011.06.27"]
[SourceVersion "1"]
[SourceVersionDate "2011.06.27"]
[SourceQuality "1"]

1. e4 e6 2. d3 d5 3. Nd2 Nf6 4. Ngf3 c5 5. g3 Nc6 6. Bg2 Be7 7. 0-0 Qc7 8. Re1 0-0 9. e5 Nd7 10. Qe2 b5 11. Nf1 a5 12. h4 Ba6 13. Bf4 b4 14. Ne3 Rfc8 15. Ng4 a4 16. c4 bxc3 17. bxc3 Rab8 18. Ng5 a3 19. Nf6+ gxf6 20. exf6 Bd6 21. Bxd6 Qxd6 22. Qh5 1-0

[Event "Barcelona ASPE op 1st"]
[Site "Barcelona"]
[Date "2011.04.19"]
[Round "3"]
[White "Perez Mitjans, Orelvis"]
[Black "Ruiz Manchon, Francesco Xavier"]
[Result "1-0"]
[WhiteElo "2457"]
[BlackElo "2076"]
[PlyCount "59"]
[EventDate "2011.04.05"]
[EventType "swiss"]
[EventRounds "9"]
[EventCountry "ESP"]
[SourceTitle "CBM 142 Extra"]
[Source "ChessBase"]
[SourceDate "2011.06.27"]
[SourceVersion "1"]
[SourceVersionDate "2011.06.27"]
[SourceQuality "1"]

1. e4 c5 2. Nf3 e6 3. d4 cxd4 4. Nxd4 a6 5. c4 Nf6 6. Qf3 Qb6 7. Nc2 Nc6 8. Nc3 Qc7 9. g4 Ne5 10. Qg3 d6 11. g5 Nh5 12. Qh3 g6 13. b3 h6 14. gxh6 Bxh6 15. Bxh6 Rxh6 16. 0-0-0 Bd7 17. f4 Nc6 18. Qe3 0-0-0 19. Be2 Rdh8 20. Na4 Kb8 21. Nb6 Bc8 22. Bf3 Nf6 23. Nxc8 Kxc8 24. Rd2 Rh3 25. Rhd1 Rd8 26. e5 dxe5 27. Rxd8+ Nxd8 28. Bxb7+ Nxb7 29. Qxh3 exf4 30. Qh8+ 1-0

[Event "Barcelona Primavera La Lira op 4th"]
[Site "Barcelona"]
[Date "2011.04.14"]
[Round "3"]
[White "Grifell Sola, Joan"]
[Black "Ruiz Manchon, Francesco Xavier"]
[Result "1/2-1/2"]
[WhiteElo "1906"]
[BlackElo "2076"]
[PlyCount "87"]
[EventDate "2011.03.31"]
[EventType "swiss"]
[EventRounds "9"]
[EventCountry "ESP"]
[SourceTitle "EXT 2012"]
[Source "ChessBase"]
[SourceDate "2011.11.24"]
[SourceVersion "1"]
[SourceVersionDate "2011.11.24"]
[SourceQuality "1"]

1. e4 c5 2. d4 cxd4 3. c3 Nf6 4. e5 Nd5 5. cxd4 d6 6. Nf3 Nc6 7. Bc4 e6 8. 0-0 Be7 9. exd6 Qxd6 10. Nbd2 Nf6 11. Nb3 0-0 12. Bg5 Rd8 13. Rc1 b6 14. Qe2 Bb7 15. Rfd1 Nd5 16. Bxd5 Qxd5 17. Bxe7 Nxe7 18. Qe5 Rac8 19. Rxc8 Rxc8 20. Rc1 Rxc1+ 21. Nxc1 Qxe5 22. Nxe5 f6 23. Ned3 Nf5 24. Ne2 Ba6 25. Ndc1 Kf7 26. f3 Ke7 27. Kf2 Kd6 28. g4 Ne7 29. Nc3 Nc6 30. Ke3 Nb4 31. Nb3 Bc4 32. Nc1 Nc2+ 33. Ke4 Bd5+ 34. Nxd5 exd5+ 35. Kd3 Nb4+ 36. Kc3 Nc6 37. Nd3 Ne7 38. Nf4 g6 39. h4 Nc6 40. a3 Na5 41. b3 Nb7 42. Kb4 a6 43. Kc3 Na5 44. Nd3 1/2-1/2

[Event "Barcelona Tres Peons op 13th"]
[Site "Barcelona"]
[Date "2011.01.28"]
[Round "4"]
[White "Perez Mitjans, Orelvis"]
[Black "Ruiz Manchon, Francesco Xavier"]
[Result "1-0"]
[WhiteElo "2457"]
[BlackElo "2076"]
[PlyCount "61"]
[EventDate "2011.01.07"]
[EventType "swiss"]
[EventRounds "9"]
[EventCountry "ESP"]
[SourceTitle "EXT 2012"]
[Source "ChessBase"]
[SourceDate "2011.11.24"]
[SourceVersion "1"]
[SourceVersionDate "2011.11.24"]
[SourceQuality "1"]

1. e4 c5 2. Nf3 e6 3. c3 Nf6 4. d3 Nc6 5. g3 d5 6. Qe2 Be7 7. e5 Nd7 8. h4 Qc7 9. Bf4 b6 10. a3 a5 11. Nbd2 b5 12. Bg2 Ba6 13. 0-0 Nb6 14. Rfe1 b4 15. axb4 axb4 16. Bh3 bxc3 17. bxc3 0-0 18. Nf1 Bb7 19. h5 Na4 20. h6 Nxc3 21. Qd2 Nb5 22. hxg7 Rfe8 23. N1h2 Nbd4 24. Rab1 Ra3 25. Bg5 Nxf3+ 26. Nxf3 Bxg5 27. Nxg5 Ba6 28. Nxe6 fxe6 29. Bxe6+ Kxg7 30. Qg5+ Kh8 31. Qf6+ 1-0

[Event "Barcelona Tres Peons op 13th"]
[Site "Barcelona"]
[Date "2011.01.07"]
[Round "1"]
[White "Ruiz Manchon, Francesco Xavier"]
[Black "Martin Sanchez, Antoni"]
[Result "1-0"]
[WhiteElo "2076"]
[BlackElo "1780"]
[PlyCount "143"]
[EventDate "2011.01.07"]
[EventType "swiss"]
[EventRounds "9"]
[EventCountry "ESP"]
[SourceTitle "EXT 2012"]
[Source "ChessBase"]
[SourceDate "2011.11.24"]
[SourceVersion "1"]
[SourceVersionDate "2011.11.24"]
[SourceQuality "1"]

1. e4 e6 2. d3 d5 3. Nd2 Nf6 4. Ngf3 c5 5. g3 Nc6 6. Bg2 g6 7. 0-0 Bg7 8. Re1 0-0 9. exd5 Nxd5 10. Nc4 Qc7 11. a4 b6 12. c3 Ba6 13. Qc2 Rad8 14. h4 Bxc4 15. dxc4 Nf6 16. Bf4 Qc8 17. Ne5 Nxe5 18. Bxe5 Rd7 19. a5 Rfd8 20. axb6 axb6 21. Ra8 Qxa8 22. Bxa8 Rxa8 23. Qb3 Rd2 24. Bf4 Rd3 25. Qxb6 Bf8 26. Qb7 Rad8 27. Bg5 Kg7 28. Ra1 R8d7 29. Qc8 Rd8 30. Qc6 R8d6 31. Qb5 h6 32. Bf4 Rd7 33. Be5 Be7 34. b4 cxb4 35. cxb4 Kh7 36. Ra8 g5 37. hxg5 hxg5 38. c5 R3d5 39. Qe2 Rd1+ 40. Kg2 R1d2 41. Qc4 R7d5 42. Bc3 Rc2 43. Ra2 Rc1 44. Ra1 Rc2 45. Qb3 Re2 46. Re1 Rxe1 47. Bxe1 Nd7 48. Bc3 f6 49. Qc2+ Kg7 50. Qe4 Kf7 51. Qh7+ Ke8 52. c6 Nf8 53. c7 Nxh7 54. c8Q+ Kf7 55. Qh8 Nf8 56. Qh5+ Kg7 57. Qe8 Rd7 58. b5 Bc5 59. Ba5 Re7 60. Qc6 Bd4 61. Bb4 Rf7 62. Bxf8+ Kxf8 63. Qxe6 Kg7 64. Qc6 Be5 65. b6 Rf8 66. Kf3 Rb8 67. Ke4 Rf8 68. Kf5 Rf7 69. f4 gxf4 70. gxf4 Bb8 71. Qg2+ Kf8 72. Qa8 1-0

[Event "Barcelona op"]
[Site "Barcelona"]
[Date "2009.12.11"]
[Round "7"]
[White "Sanchez Criado, Lluis"]
[Black "Ruiz Manchon, Francesco Xavier"]
[Result "1/2-1/2"]
[WhiteElo "2171"]
[BlackElo "2137"]
[PlyCount "39"]
[EventDate "2009.12.05"]
[EventType "swiss"]
[EventRounds "9"]
[EventCountry "ESP"]
[SourceTitle "CBM 133 Extra"]
[Source "ChessBase"]
[SourceDate "2010.01.05"]
[SourceVersion "1"]
[SourceVersionDate "2010.01.05"]
[SourceQuality "1"]

1. d4 Nf6 2. c4 c5 3. e3 g6 4. Nc3 Bg7 5. Nf3 0-0 6. Be2 cxd4 7. Nxd4 Nc6 8. Nb3 d6 9. e4 Nd7 10. 0-0 Nc5 11. f3 Nxb3 12. Qxb3 Nd4 13. Qd1 Nxe2+ 14. Qxe2 Bxc3 15. bxc3 Qc7 16. Be3 Be6 17. c5 dxc5 18. Bh6 Rfd8 19. f4 f6 20. f5 1/2-1/2

[Event "Barcelona op"]
[Site "Barcelona"]
[Date "2009.12.09"]
[Round "5"]
[White "Prats Rodriguez, Juan Bosco"]
[Black "Ruiz Manchon, Francesco Xavier"]
[Result "0-1"]
[WhiteElo "2074"]
[BlackElo "2137"]
[PlyCount "110"]
[EventDate "2009.12.05"]
[EventType "swiss"]
[EventRounds "9"]
[EventCountry "ESP"]
[SourceTitle "CBM 133 Extra"]
[Source "ChessBase"]
[SourceDate "2010.01.05"]
[SourceVersion "1"]
[SourceVersionDate "2010.01.05"]
[SourceQuality "1"]

1. e4 c5 2. Nc3 e6 3. g3 d5 4. exd5 exd5 5. Bg2 Nf6 6. Nge2 d4 7. Ne4 Nxe4 8. Bxe4 Nd7 9. 0-0 Nf6 10. Bg2 Bd6 11. c3 0-0 12. cxd4 cxd4 13. d3 Qb6 14. Qa4 Bc5 15. b4 Qxb4 16. Qxb4 Bxb4 17. Rb1 Bc5 18. Bf4 Bf5 19. Nc1 Bb6 20. Bxb7 Rad8 21. Rb5 Be6 22. Bg5 Rd7 23. Bg2 Nd5 24. Bxd5 Rxd5 25. Rxd5 Bxd5 26. f3 f6 27. Bf4 Rc8 28. h4 Kf7 29. Rf2 h6 30. h5 Rc3 31. Kg2 Ke6 32. g4 Kd7 33. Re2 Bc5 34. Bd2 Rc2 35. Kf2 Bxa2 36. Nxa2 Rxa2 37. Bc1 Rxe2+ 38. Kxe2 Bb4 39. Kd1 Kc6 40. Kc2 Kd5 41. Kb3 Be1 42. Ba3 Bh4 43. Bf8 Ke5 44. Bxg7 Bg5 45. Kc4 Kf4 46. Kxd4 Kxf3 47. Kd5 Kxg4 48. Ke6 f5 49. d4 f4 50. d5 f3 51. Bd4 a5 52. d6 Kg3 53. Bf6 Bxf6 54. Kxf6 f2 55. d7 f1Q+ 0-1

[Event "Barcelona op"]
[Site "Barcelona"]
[Date "2009.12.05"]
[Round "1"]
[White "Ruiz Manchon, Francesco Xavier"]
[Black "Riera Danes, Manel"]
[Result "1-0"]
[WhiteElo "2137"]
[BlackElo "2063"]
[PlyCount "61"]
[EventDate "2009.12.05"]
[EventType "swiss"]
[EventRounds "9"]
[EventCountry "ESP"]
[SourceTitle "CBM 133 Extra"]
[Source "ChessBase"]
[SourceDate "2010.01.05"]
[SourceVersion "1"]
[SourceVersionDate "2010.01.05"]
[SourceQuality "1"]

1. e4 c5 2. c3 Nf6 3. e5 Nd5 4. d4 cxd4 5. Nf3 e6 6. cxd4 d6 7. Nc3 Nxc3 8. bxc3 Qc7 9. Bd2 Nd7 10. Bd3 dxe5 11. 0-0 exd4 12. cxd4 Be7 13. Qe2 0-0 14. Qe4 Nf6 15. Qh4 g6 16. Bf4 Qd8 17. Be5 Nd7 18. Qe4 Nxe5 19. Nxe5 f5 20. Qe3 Bg5 21. f4 Bf6 22. Bc4 a6 23. Rfd1 b5 24. Bb3 Qb6 25. Rac1 Re8 26. Rc6 Qa7 27. Rdc1 Bb7 28. Rxe6 Rxe6 29. Bxe6+ Kh8 30. Rc7 Qb6 31. Nxg6+ 1-0